000 00654nam a2200241Ia 4500
003 OSt
005 20220918200514.0
006 a|||||r|||| 00| 0
007 ta
008 220917b |||||||| |||| 00| 0 eng d
024 _a89,056
037 _cTextual
040 _aARTS
_cARTS
_beng
041 _2eng
_aeng
082 _aU28h20X48, G6 (+)
110 _aMeteorological (-Department) (India)
_994337
245 0 _aMeteorological organisation for airmen
260 _c1936
650 _aGEOGRAPHY
700 _aMeteorological (-Department) (India)
_994338
942 _hU28h20X48, G6 (+)
_cTEXL
_2CC
999 _c212726
_d212726